| 000 | 02985ngm a2200457 4500 | ||
|---|---|---|---|
| 003 | dpl | ||
| 005 | 20080723110517.0 | ||
| 007 | dvd | ||
| 008 | ||||||sp199 xxu|||||c|||| 00| 0 eng d | ||
| 010 | _aDVD-000211-213 & DVD-005327-5331 | ||
| 024 |
_a2762 _c499.00, 299.00 (Revised Price) |
||
| 035 | _aDVD-000211-213 | ||
| 035 | _aDVD-005327-5331 | ||
| 040 |
_aDPL _cDPL |
||
| 082 | _aDVD / DISN | ||
| 245 |
_aDr. Dolittle _cTwentieth Century Fox Presents _h[videorecording] DVD/ |
||
| 260 | _bTwentieth Century Fox | ||
| 300 |
_a1 videodisc DVD; (85 min.) : _bsd., col. ; _c4 3/4 in. _fDVD |
||
| 500 | _aInteractive Menus, Scene Acess, Original Theatrical Trailer, Multiple Language Subtitles | ||
| 500 | _aSole Distributor in India M/s. Excel Productions Autio Visuals Pvt. Ltd. | ||
| 538 | _aDolby Digital 5.1-English, Subtitles: English, Korean, Mandarin, Thai, | ||
| 538 | _aAspect Ratio: 1.85:1, Presentation type: Full Screne, Presentation Size 16x9, Format DVD 9 Dual Layer Single Sided Disc. | ||
| 650 | _aMotion Picture | ||
| 700 | _aMurphy,Eddie | ||
| 700 | _aOssie, Davis | ||
| 700 | _aPlatt, Oliver | ||
| 700 | _aCurry, Pilar M. | ||
| 700 | _aGibbs, Richard | ||
| 700 | _aFarha, Jon | ||
| 942 |
_cCF _2ddc _hDVD _mDRDO |
||
| 999 |
_c15274 _d15274 |
||